Psicología e identidad latinoamericana: sociopsicoanálisis de cinco premios nobel de literatura
שמור ב:
| מחבר ראשי: | |
|---|---|
| פורמט: | ספר |
| שפה: | ספרדית |
| יצא לאור: |
Santiago
Universidad Católica de Chile
2002
|
| סדרה: | Lecturas Escogidas
|
| נושאים: | |
| תגים: |
הוספת תג
אין תגיות, היה/י הראשונ/ה לתייג את הרשומה!
|
MARC
| LEADER | 00000nam a2200000 a 4500 | ||
|---|---|---|---|
| 001 | UCM8313 | ||
| 003 | CL-VaPUC | ||
| 008 | 030307e20020700CL |||||||||||||||||spa|d | ||
| 020 | |a 9561406594 | ||
| 082 | 0 | 4 | |a 306 |b GIS |2 21 |
| 100 | |a Gissi Bustos, Jorge |e author |9 527011 | ||
| 245 | 1 | 0 | |a Psicología e identidad latinoamericana: sociopsicoanálisis de cinco premios nobel de literatura |
| 300 | |a 232 p | ||
| 942 | |c BK | ||
| 945 | |d 20030307 00:00:00 |a vberengu | ||
| 260 | |a Santiago |b Universidad Católica de Chile |c 2002 | ||
| 650 | 7 | |a IDENTIDAD CULTURAL - AMERICA LATINA |2 CL-VaPUC |9 474305 | |
| 650 | 0 | |a Antropología cultural y social |9 265143 | |
| 650 | 0 | |a Psicología social |9 222894 | |
| 651 | 0 | |a América Latina |9 255027 | |
| 583 | |a last modification |c 20030307 00:00:00 |k Rodrigo Vera | ||
| 490 | 0 | |a Lecturas Escogidas | |
| 999 | |c 302851 |d 302849 | ||
| 952 | |0 0 |1 0 |4 0 |6 306_000000000000000_GIS_2002 |7 0 |8 A |9 363635 |a FDOPOS |b FDOPOS |d 2019-11-21 |i 3847608 |o 306 GIS 2002 |p 3847608 |r 2023-08-09 |w 2019-11-21 |y BK |k MLH | ||
| 952 | |0 0 |1 0 |4 0 |6 306_000000000000000_GIS_2002 |7 0 |8 A |9 363636 |a BIBEDU |b BIBEDU |d 2019-11-21 |i 3898091 |o 306 GIS 2002 |p 3898091 |r 2019-11-21 |w 2019-11-21 |y BK |k EPE | ||
| 952 | |0 0 |1 0 |4 0 |6 306_000000000000000_GIS_2002 |7 0 |8 A |9 363637 |a BIBEDU |b BIBEDU |d 2019-11-21 |i 3898105 |o 306 GIS 2002 |p 3898105 |r 2019-11-21 |w 2019-11-21 |y BK |k EPE | ||
| 952 | |0 0 |1 0 |4 0 |6 306_000000000000000_GIS_2002 |7 0 |8 A |9 363638 |a BIBEDU |b BIBEDU |d 2019-11-21 |i 3962776 |o 306 GIS 2002 |p 3962776 |r 2019-11-21 |w 2019-11-21 |y BK |k EPE | ||
| 952 | |0 0 |1 0 |4 0 |6 306_000000000000000_GIS_2002 |7 0 |8 A |9 363639 |a BIBEDU |b BIBEDU |d 2019-11-21 |i 3978974 |o 306 GIS 2002 |p 3978974 |r 2019-11-21 |w 2019-11-21 |y BK |k EBA | ||
| 952 | |0 0 |1 0 |4 0 |6 306_000000000000000_GIS_2002 |7 0 |8 A |9 363640 |a BIBGIM |b BIBGIM |d 2019-11-21 |i 4098781 |o 306 GIS 2002 |p 4098781 |r 2025-01-15 |w 2019-11-21 |y BK |k SSL | ||
| 952 | |0 0 |1 0 |4 0 |6 306_000000000000000_GIS_2002 |7 0 |8 A |9 363641 |a BIBEDU |b BIBEDU |d 2019-11-21 |i 4500776 |o 306 GIS 2002 |p 4500776 |r 2019-11-21 |w 2019-11-21 |y BK |k PSI | ||